000 00286nam a22001217a 4500
008 171013b xxu||||| |||| 00| 0 eng d
041 _aeng
080 _a316
100 _a50
101 _aSOC
245 _aA COMPARATIVE ANALYSIS OF COMPLEX ORGANIZATIONS
_cETZIONI,A
942 _2udc
_cBK
999 _c33600
_d33600